000 00341nam a2200145Ia 4500
008 191201s2006 xx 000 0 und d
082 _a530
_bPRE
100 _aPRAKASH,Satya
245 0 _aEngineering Physics
250 _a4th
260 _aMeerut
_bPragati Prakashan Meerut
_c2006
300 _a296
650 _aApplied
942 _2ddc
_cBK
_01
999 _c667
_d667